| 000 | 00866nac a22002777a 4500 | ||
|---|---|---|---|
| 001 | BR7000734 | ||
| 003 | BR-BrBNA | ||
| 005 | 20240105113401.0 | ||
| 008 | 230509b bl.|||m| |||| 00| 0 por d | ||
| 040 |
_aBR-BrBNA _bpor _cBiblioteca Nacional de Agricultura |
||
| 072 | _aF28 | ||
| 090 | _a1930 BR7000734 | ||
| 100 | 1 | _aTenorio, E.C. | |
| 110 | 1 |
_aInstituto de Pesquisas Agronomicas, Recife, PE (Brasil) _96142 |
|
| 245 | 1 | _aGramineas usadas na conservacao dos solos em Pernambuco [Erosao; Brasil] | |
| 260 | 3 |
_aRecife, PE (Brasil): _c1970. |
|
| 300 | _a21 p. | ||
| 490 |
_aBoletim Tecnico - Instituto de Pesquisas Agronomicas (Brazil) _vno. 45 _x |
||
| 500 | _a22 ref. | ||
| 650 | _aRECUPERACAO DO SOLO | ||
| 650 | _aEROSAO | ||
| 650 | _aGRAMINEA | ||
| 650 | _aPERNAMBUCO | ||
| 909 |
_a202312 _bLúcia Elande _c55 _dLúcia Elande |
||
| 942 |
_2AGRIS _n0 _cMS |
||
| 999 |
_c263421 _d263421 |
||